01307nam a22003377a 4500003000500000005001700005008004100022010001000063011001000073035001000083040000900093090001000102100003600112245018600148260003800334300002200372502009500394590003700489590004100526590004100567590004100608590004200649650003400691650002000725650002800745901000700773942001000780949003500790999001700825952012700842CHAP20220329141808.0971013s1975 r 00010 d a73950 a74922 a84481 cCHAP aTesis00aGarza Elizondo, Eduardo.947038 aEvaluación de cuatro insecticidas y dos métodos de siembra, sobre el rendimiento y el control de plagas en el cultivo del melón (Cucumis annus L.) var. PMR-45 en Apodaca, N.L. aMonterry, N.L. :bEl autor,c1975 a71 h.b: gráfs. aTesis (Ing.Agrónomo Fitotecnista) -- ITESM. Div. de Ciencias Agropecuarias y Marítimas aALEPHb10c20130110lUCH01h1417 aBATCH-UPDb10c20130110lUCH01h0708 aBATCH-UPDb10c20130410lUCH01h0354 aBATCH-UPDb10c20130914lUCH01h1532 aCONVERSIONb10c20130109lUCH01h134014aInsecticidasxPruebas.95887814aMelón.97443414aMelónxPlagas.974475 aBK cTESIS bBCcTESd-39841eTS1i84481si c73950d73950 00102local4051708TESISaBCbBCcPA_TESISd2012-12-17fTESISl0oTesisp-39841r2019-12-31 00:00:00w2012-12-17yTESIS